banner-ar

الطبيعة والاغريق / (Record no. 42959)

MARC details
000 -الفاتح
حقل البيانات ثابتة الطول 00649nam a2200205Ia 4500
008 - عناصر البيانات ثابتة الطول - معلومات عامة
حقل البيانات ثابتة الطول 140319s9999 xx 000 0 ara d
040 ## - مصدر الفهرسة
وكالة الفهرسة الأصلية GCL /
وكالة النسخ GCL
082 04 - رقم تصنيف ديوى العشرى
رقم التصنيف 185
رقم المادة ش ط
100 1# - المدخل الرئيسى - إسم شخصى
الإسم الشخصى صقر خفاجة (مراجع)
245 10 - بيان العنوان
العنوان الطبيعة والاغريق /
بيان المسئوليه,etc صقر خفاجة (مراجع)
700 1# - المدخل الاضافى - اسم شخصى
الإسم الشخصى شرود نجر، ايرفين
700 1# - المدخل الاضافى - اسم شخصى
الإسم الشخصى عزت قرنى (مترجم)
300 ## - الوصف المادى
التعداد 139
490 ## - بيان السلسلة
عنوان السلسلة الالف كتاب
رقم المجلد/ التعيين التسلسلي 0
650 04 - المدخل الاضافى بالموضوع-مصطلح موضوعى
مصطلح موضوعي الفلسفة اليونانية
650 04 - المدخل الاضافى بالموضوع-مصطلح موضوعى
مصطلح موضوعي الفلسفة الاغريقية
650 04 - المدخل الاضافى بالموضوع-مصطلح موضوعى
مصطلح موضوعي الفلسفة اليونانية القديمة
942 ## - عناصر المدخل الإضافي( كوها)
مصدر التصنيف او مخطط الترفيف Dewey Decimal Classification
Koha [default] item type كتاب
Holdings
حالة التراجع حالة الفقد حالة تلف ليس للاعارة المكان المؤقت الموقع الحالى تاريخ الاكتساب اجمالي اﻻعارات رقم الطلب الباركود تاريخ اخر مشاهدة تاريخ تفعيل السعر نوع وعاء كوها
        مكتبة القاهرة الكبرى مكتبة القاهرة الكبرى 03/26/2014   185\ش ط 103902 03/26/2014 03/26/2014 كتاب

Powered By

EGPV